Klavírne variácie na slovenskú ľudovú pieseň klavír sólo /

Hlavní autor: Cikker, Ján, 1911-1989
Jazyk: Nelze použít, není lingvistický obsah
Vydáno: Bratislava : Slovenský hudobný fond, 1976
Vydání: 1. vyd.
Edice: Komorná tvorba
Témata:
Fyzický popis: 16 s.
Hudebniny Hudebniny
Uloženo v:
LEADER 00963ncm a22002532a 4500
001 000406607
003 CZ BrMZK
005 20120430093516.0
007 qu
008 990307s1976 xo f zxx d
040 |a BOA001  |b cze 
072 7 |a 786  |x Hudba pro klávesové nástroje  |2 Konspekt  |9 9 
100 1 |a Cikker, Ján,  |d 1911-1989  |7 jn19990210145  |4 cmp 
245 1 0 |a Klavírne variácie na slovenskú ľudovú pieseň  |h [hudebnina] :  |b klavír sólo /  |c Ján Cikker 
250 |a 1. vyd. 
260 |a Bratislava :  |b Slovenský hudobný fond,  |c 1976 
300 |a 16 s. 
490 1 |a Komorná tvorba 
830 0 |a Komorná tvorba 
910 |a BOA001  |b PK-N-0021.909  |b Mus4-0765.888 
964 |a Písně lidové slovenské - úpravy klavírní 
990 |a MU 
996 7 |b 2619080208  |c Mus4-0765.888  |l MZK  |r Sklad / do 1 hodiny  |n 0  |w 000406607  |u 000020  |a 1  |e BOA001  |j MZK50  |s A 
996 7 |b 3119821133  |c PK-N-0021.909  |l MZK  |r Sklad / do 1 hodiny  |n 4  |w 000406607  |u 000010  |a 1  |e BOA001  |j MZK50  |s A